Obras Completas: Constancia poética
Enregistré dans:
| Auteur principal: | |
|---|---|
| Format: | Livre |
| Langue: | Undetermined |
| Publié: |
México, Distrito Federal
Fondo de Cultura Económica
1989
|
| Sujets: | |
| Tags: |
Ajouter un tag
Pas de tags, Soyez le premier à ajouter un tag!
|
MARC
| LEADER | 00000nam a2200000Ia 4500 | ||
|---|---|---|---|
| 008 | 170316s9999 xx 000 0 und d | ||
| 040 | |a cru BVZT | ||
| 090 | |a 860 R-6o v.10 | ||
| 100 | |a Reyes, Alfonso | ||
| 245 | |a Obras Completas: Constancia poética | ||
| 260 | |a México, Distrito Federal | ||
| 260 | |b Fondo de Cultura Económica | ||
| 260 | |c 1989 | ||
| 300 | |a 498 páginas Tomo X. | ||
| 650 | |a LITERATURA LATINOAMERICANA | ||
| 999 | |c 9173 |d 9173 | ||
| 942 | |c 15 D |h 860 R-6o v.10 |2 z | ||
